Batman... or Batman? - Statistics

General Stats
  • This quiz has been taken 1,813 times
    1,754 since last reset
  • The average score is 9 of 15
Answer Stats
Question Answer % Correct
Also known as Bruce Wayne Batman, superhero
98%
Practices Islam Batman, Turkey
93%
Member of the Justice League Batman, superhero
90%
Conquered by Alexander the Great Batman, Turkey
85%
Is older Batman, Turkey
74%
Possesses the largest oilfield in its country Batman, Turkey
73%
Has a notable cave or caves Both
72%
Has superpowers Neither
67%
Speaks Kurdish Batman, Turkey
64%
Has at least in one point been in Turkey Both
59%
Is at least 50% male (as of 2019) Both
53%
Named Batman first Batman, superhero
32%
Favorite sport is wrestling Neither
25%
Strongly associated with something black or dark Both
24%
Most frequently uses the GMT+2 time zone Neither
13%
No matching quizzes found
Score Distribution
Percent of People with Each Score
Percentile by Number Answered
Your Score History
You have not taken this quiz since the last reset